000 00383nam a2200133Ia 4500
008 230917s9999||||xx |||||||||||||| ||und||
040 _e93522
_aMAIN
041 _aEnglish
082 _a677 D468S
100 _aDeshpande, Suresh D
245 0 _aStudy on the dyeing of acrylic fibres with monoazo disperse dyes in aqueous and solvent assisted media
300 _a142 p.
942 _cTH
999 _c72853
_d72853